00446nam a22001337a 450008200150000010000220001524500450003726000460008230000080012865000270013694200080016395201260017199900150029700a207.54 KOO aKoovackal, George aHenry Maryn Institute of Islamic Studies aAligarhbAligarh Muslim University c1981 a102 aHenry Martyn-Biography cRRB 00104070aHMIbHMId2017-03-29eGeorge Koovackalg100.00l1o207.54 KOOp11196r2019-05-07s2019-03-19w2026-01-16yEB c6609d6609